Estadísticas para Los paises que tienen bombas nucleares

Haz click aquí para intentar la prueba.

Estadísticas generales

  • Esta prueba ha sido intentada 70 veces
  • La puntuación promedio es 6 de 7

Estadísticas de respuestas

HintRespuesta% Correcto
5.113Estados Unidos
100%
6.375Rusia
97%
434China
96%
50Corea Del Norte
94%
140Francia
94%
225Reino Unido
93%
200Israel
70%

Distribución de puntuación

Porcentaje por número respondido

Porcentaje de gente con cada puntuación

Historial de tus puntuaciones

No has intentado esta prueba.